Responsibility without Guilt (notice n° 2041980)

détails MARC
000 -LEADER
fixed length control field 01113cam a2200217 4500500
005 - DATE AND TIME OF LATEST TRANSACTION
control field 20260405000913.0
041 ## - LANGUAGE CODE
Language code of text/sound track or separate title fre
042 ## - AUTHENTICATION CODE
Authentication code dc
100 10 - MAIN ENTRY--PERSONAL NAME
Personal name Tassel, Anne
Relator term author
245 00 - TITLE STATEMENT
Title Responsibility without Guilt
260 ## - PUBLICATION, DISTRIBUTION, ETC.
Date of publication, distribution, etc. 2011.<br/>
500 ## - GENERAL NOTE
General note 10
520 ## - SUMMARY, ETC.
Summary, etc. That the sociological coordinates of a certain state of uncertainty forces us to undertake a hermeneutic effort focused on a subjectivity that is meant to become public, and that, giving in to the movement of interiorizing responsibility, we are freed from the guilt that hampers both our acts and our action, the observation made by A. Ehrenberg about contemporary work on adolescence. Though promising, it seems to pass over the more painful aspects, such as guilt anxiety, whose counterpart is the work of fantasy.
690 ## - LOCAL SUBJECT ADDED ENTRY--TOPICAL TERM (OCLC, RLIN)
Topical term or geographic name as entry element existentialism
690 ## - LOCAL SUBJECT ADDED ENTRY--TOPICAL TERM (OCLC, RLIN)
Topical term or geographic name as entry element guilt anxiety
690 ## - LOCAL SUBJECT ADDED ENTRY--TOPICAL TERM (OCLC, RLIN)
Topical term or geographic name as entry element hermeneutics
690 ## - LOCAL SUBJECT ADDED ENTRY--TOPICAL TERM (OCLC, RLIN)
Topical term or geographic name as entry element responsibility
690 ## - LOCAL SUBJECT ADDED ENTRY--TOPICAL TERM (OCLC, RLIN)
Topical term or geographic name as entry element self
786 0# - DATA SOURCE ENTRY
Note Adolescence | 29 | 3 | 2011-09-01 | p. 595-601 | 0751-7696
856 41 - ELECTRONIC LOCATION AND ACCESS
Uniform Resource Identifier <a href="https://shs.cairn.info/journal-adolescence-2011-3-page-595?lang=en&redirect-ssocas=7080">https://shs.cairn.info/journal-adolescence-2011-3-page-595?lang=en&redirect-ssocas=7080</a>

Pas d'exemplaire disponible.

PLUDOC

PLUDOC est la plateforme unique et centralisée de gestion des bibliothèques physiques et numériques de Guinée administré par le CEDUST. Elle est la plus grande base de données de ressources documentaires pour les Étudiants, Enseignants chercheurs et Chercheurs de Guinée.

Adresse

627 919 101/664 919 101

25 boulevard du commerce
Kaloum, Conakry, Guinée

Réseaux sociaux

Powered by Netsen Group @ 2025